000 00444nam a2200157Ia 4500
003 OSt
005 20200918112029.0
008 190216s9999||||xx |||||||||||||| ||und||
040 _coclc
082 _a536
_bALL/T
100 _aAllen, H S
_94735
245 0 _aA Text Book Of Heat /
_cH S Allen ; R S Maxwell
260 _bMacmillan &co Ltd,
_aLondon:
_c1962.
300 _a527p
942 _cBK
_2ddc
_h536
_iALL/T
_k536
_mALL/T
999 _c32671
_d32671